000 00381nam a22001577a 4500
003 CEME
005 20210628202433.0
008 210315b xxu||||| |||| 00| 0 eng d
020 _a0-412-59510-9
040 _c.
082 _a671.56 SCH'B
245 _aBrazing for the engineering techonologist
260 _aLONDON
_bCHAPMAN & HALL
_c1995
300 _a399P
942 _cBK
_2ddc
999 _c569764
_d569764